Leadership 2.0 / (Record no. 3601)

000 -LEADER
fixed length control field nam a22 a 4500
003 - CONTROL NUMBER IDENTIFIER
control field AKMAL
005 - DATE AND TIME OF LATEST TRANSACTION
control field 20170523120258.0
008 - FIXED-LENGTH DATA ELEMENTS--GENERAL INFORMATION
fixed length control field 170523t20122012cau e 000 0 eng d
020 ## - INTERNATIONAL STANDARD BOOK NUMBER
International Standard Book Number 9780974320694
Qualifying information hardback
Terms of availability RM75.90
082 04 - DEWEY DECIMAL CLASSIFICATION NUMBER
Classification number 658.4092 BRA
Edition number 23
090 00 - LOCALLY ASSIGNED LC-TYPE CALL NUMBER (OCLC); LOCAL CALL NUMBER (RLIN)
Classification number (OCLC) (R) ; Classification number, CALL (RLIN) (NR) 658.4092
Local cutter number (OCLC) ; Book number/undivided call number, CALL (RLIN) BRA
100 1# - MAIN ENTRY--PERSONAL NAME
Personal name Bradberry, Travis,
Relator term author.
9 (RLIN) 7142
245 10 - TITLE STATEMENT
Title Leadership 2.0 /
Statement of responsibility, etc. Travis Bradberry & Jean Greaves
264 #1 - PRODUCTION, PUBLICATION, DISTRIBUTION, MANUFACTURE, AND COPYRIGHT NOTICE
Place of production, publication, distribution, manufacture San Diego, CA :
Name of producer, publisher, distributor, manufacturer TalentSmart,
Date of production, publication, distribution, manufacture, or copyright notice 2012
264 #4 - PRODUCTION, PUBLICATION, DISTRIBUTION, MANUFACTURE, AND COPYRIGHT NOTICE
Date of production, publication, distribution, manufacture, or copyright notice ©2012
300 ## - PHYSICAL DESCRIPTION
Extent 264 pages ;
Dimensions 19 cm
650 10 - SUBJECT ADDED ENTRY--TOPICAL TERM
Topical term or geographic name entry element Leadership
9 (RLIN) 120
650 20 - SUBJECT ADDED ENTRY--TOPICAL TERM
Topical term or geographic name entry element Leadership
Form subdivision Case studies
9 (RLIN) 2760
700 1# - ADDED ENTRY--PERSONAL NAME
Personal name Greaves, Jean,
Relator term author.
9 (RLIN) 7143
942 ## - ADDED ENTRY ELEMENTS (KOHA)
Source of classification or shelving scheme
Koha item type Book
Holdings
Withdrawn status Lost status Source of classification or shelving scheme Damaged status Not for loan Collection code Home library Current library Shelving location Date acquired Inventory number Total Checkouts Full call number Barcode Date last seen Price effective from Koha item type
          NON-FICTION AKMAL Melaka AKMAL Melaka PINJAMAN 23.05.2017 602699   658.4092 BRA 201704488 23.05.2017 23.05.2017 Book
Pusat Sumber Maklumat Dato' Haji Sarmin Md Hussin, Akademi Kastam Diraja Malaysia, Melaka
Tel: 06-2331106 | Faks: 06-2313787